000 00486nam a22001577a 4500
005 20231109083802.0
008 231109b |||||||| |||| 00| 0 eng d
041 _aEnglish
082 _a346.2 KAH
100 _aKahn, E
_lEnglish
245 _aContract and Mercantile Law Through the Cases :
_cE Kahn
260 _aCape Town :
_bJuta and Company Ltd,
_c1971
300 _bli, 1050 pages ;
_c26 cm.
650 _aLegal practice
_bLaw
942 _cBK
_6ALISON_BN_VRIES
999 _c460
_d460